Normal view
MARC view
- 1. Runoff - Mathematical models 2. Rain and rainfall - Mathematical Models
Entry Topical Term
001 - CONTROL NUMBER
- control field: 7252
003 - CONTROL NUMBER IDENTIFIER
- control field: OSt
005 - DATE AND TIME OF LATEST TRANSACTION
- control field: 20250224150855.0
008 - FIXED-LENGTH DATA ELEMENTS
- fixed length control field: 250224|| aca||aabn | a|a d
040 ## - CATALOGING SOURCE
- Original cataloging agency: OSt
- Transcribing agency: OSt
150 ## - HEADING--TOPICAL TERM
- Topical term or geographic name as entry element: 1. Runoff - Mathematical models 2. Rain and rainfall - Mathematical Models
670 ## - SOURCE DATA FOUND
- Source citation: Work cat.: (OSt)19450: Beven, Keith 7251, Rainfall - Runoff Modelling:, 2012.
